000 00847nam a22002777a 4500
001 BR8301562
003 BR-BrBNA
005 20230928091629.0
007 ta
008 230509b bl.||||| |||| 00| 0 por d
040 _aBR-BrBNA
_bpor
_cBiblioteca Nacional de Agricultura
041 _a(Por)
072 _aL00; E70; D50
_b5212
_b/G514
090 _ 5212 BR8301562
110 1 _aAssociacao de Credito e Assistencia Rural do Parana, Curitiba (Brasil)
245 1 _a9. Feira Estadual de Bezerros, 1983. Regulamento oficial [Parana, Brasil]
260 3 _aCuritiba, PR (Brasil):
_c1983.
300 _a11 p.
500 _a(*) Documento disponível no(a) ACARPA, Curitiba (Brazil)
650 _aBEZERRO
650 _aEXPOSICAO PECUARIA
650 _aLEGISLACAO
650 _aPARANA
909 _a202309
_bLucia
_c55
_dLucia Elande
942 _cBK
999 _c34745
_d34745